THE SECRET LIFE OF BEES (Record no. 259637)
[ view plain ]
| 000 -LEADER | |
|---|---|
| fixed length control field | 00188nam a22000857a 4500 |
| 020 ## - INTERNATIONAL STANDARD BOOK NUMBER | |
| ISBN | 014200174 |
| 245 ## - TITLE STATEMENT | |
| Title | THE SECRET LIFE OF BEES |
| 260 ## - PUBLICATION, DISTRIBUTION, ETC. (IMPRINT) | |
| Place of publication | ENGLAND |
| Name of publisher | VIKING PENGUIN |
| Year of publication | 2002 |
| 942 ## - ADDED ENTRY ELEMENTS (KOHA) | |
| Koha item type | Long Loan Books |
| Withdrawn status | Lost status | Home library | Current library | Date acquired | Full call number | Accession Number | Koha item type |
|---|---|---|---|---|---|---|---|
| Rongo University Library | Rongo University Library | 13/01/2023 | PS3611.144 S38 2001 | 201801380 | Long Loan Books |
